| 000 | 01466cam a22002891 4500 | ||
|---|---|---|---|
| 001 | gs 30000215 | ||
| 003 | DLC | ||
| 005 | 20260227111334.0 | ||
| 008 | 780406s1930 xx 000 0 eng c | ||
| 010 | _ags 30000215 | ||
| 035 | _a(OCoLC)3785650 | ||
| 040 |
_aLibrary, U.S. Geological Survey _cOT _dMsHaU _dDLC |
||
| 050 | 0 | 0 |
_aQE115 _b.S15 |
| 100 | 1 |
_aSavage, Thomas Edmund, _d1866- |
|
| 245 | 1 | 4 |
_aThe Devonian rocks of Kentucky; _ba presentation of the areal extent, stratigraphic, structural and paleontologic relationship of all sediments between the Silurian and Mississippian systems in this commonwealth, _cby Thomas Edmund Savage, assisted by Russell Spurgeon Poor, Charles Fernando Bassett, Harold Bowen Willman, Harry Charles Spoor, jr. And a separate report on the Geology of the Midland Trail in Kentucky, by Armin Kohl Lobeck. |
| 260 |
_aFrankfort, _bThe Kentucky geological survey, _c1930. |
||
| 300 |
_a6 p. l., 257 p. incl. front. (map) illus., maps, IV pl., tables. _c24 cm. |
||
| 490 | 0 |
_aKentucky. Geological survey, 1920- Ser. VI. [Geologic reports] _vv. 33 |
|
| 650 | 0 |
_aGeology _zKentucky. |
|
| 650 | 0 |
_aGeology, Stratigraphic _yDevonian. |
|
| 700 | 1 |
_aLobeck, A. K. _q(Armin Kohl), _d1886-1958. |
|
| 700 | 1 |
_aPoor, Russell Spurgeon, _d1899- |
|
| 700 | 1 | _aBassett, Charles Fernando. | |
| 700 | 1 |
_aWillman, H. B. _q(Harold Bowen), _d1901- |
|
| 700 | 1 | _aSpoor, Harvy Charles, jr. | |
| 740 | 0 | _aMidland trail in Kentucky, Geology of the. | |
| 999 |
_c26808 _d26808 |
||